Organisation du service sanitaire international dans la république mexicane (Record no. 157715)

MARC details
000 -LEADER
campo de control de longitud fija 00711nam a22001815i 4500
001 - NÚMERO DE CONTROL
campo de control 157715
003 - IDENTIFICADOR DE NÚMERO DE CONTROL
campo de control ES-MaACL
005 - FECHA Y HORA DE LA ÚLTIMA TRANSACCIÓN
campo de control 20230906210825.0
008 - DATOS DE LONGITUD FIJA--INFORMACIÓN GENERAL
campo de control de longitud fija 040812s1894 mx |||| | fre d
040 ## - FUENTE DE CATALOGACIÓN
Centro catalogador/agencia de origen CAM
Lengua de catalogación spa
Centro/agencia transcriptor CAM
100 1# - ENTRADA PRINCIPAL--NOMBRE DE PERSONA
Nombre de persona Liceaga, Eduardo.
9 (RLIN) 72174
245 10 - MENCIÓN DEL TÍTULO
Título Organisation du service sanitaire international dans la république mexicane
Resto del título : mémoire envoyé au Congrès Médical International de Rome /
Mención de responsabilidad, etc. par Eduardo Licéaga.
260 ## - PUBLICACIÓN, DISTRIBUCIÓN, ETC.
Lugar de publicación, distribución, etc. Mexico :
Nombre del editor, distribuidor, etc. [s.a.],
Fecha de publicación, distribución, etc. 1894 (
Fabricante Imprimerie du Ministère des Travaux Publics)
300 ## - DESCRIPCIÓN FÍSICA
Extensión 54 p. ;
Dimensiones 23 cm.
650 #4 - PUNTO DE ACCESO ADICIONAL DE MATERIA--TÉRMINO DE MATERIA
Término de materia o nombre geográfico como elemento de entrada Salud pública-
Subdivisión geográfica Méjico.
9 (RLIN) 222844
852 ## - LOCALIZACIÓN
Ubicación ES-MaACL
Número de control de estantería Fol-Laf-304
Nota libre -- Rust.
-- -- Legado M. de la Fuente
Holdings
Estatus retirado Estado de pérdida Estado de daño No para préstamo Colección Biblioteca de origen Biblioteca actual Ubicación en estantería Fecha de adquisición Fuente de adquisición Total de préstamos Signatura topográfica completa Código de barras Visto por última vez Precio de reemplazo Tipo de ítem Koha
        Colección de folletos Biblioteca del Ateneo de Madrid Biblioteca del Ateneo de Madrid Depósito folletos 17/01/2008     Fol-Laf-304 1165046 23/02/2023 23/02/2023 Folleto